Oscar Director to Movie - Statistics

General Stats
  • This quiz has been taken 353 times
  • The average score is 14 of 20
Answer Stats
Director Year Movie % Correct
James Cameron 1997 Titanic
99%
Bong Joon-ho 2019 Parasite
91%
Steven Spielberg 1993 Schindler's List
84%
Kathryn Bigelow 2009 The Hurt Locker
84%
Woody Allen 1977 Annie Hall
82%
Joel Coen, Ethan Coen 2007 No Country for Old Men
80%
Robert Zemeckis 1994 Forrest Gump
77%
Martin Scorsese 2006 The Departed
76%
Guillermo del Toro 2017 The Shape of Water
76%
Danny Boyle 2008 Slumdog Millionaire
72%
Damien Chazelle 2016 La La Land
71%
Steven Spielberg 1998 Saving Private Ryan
68%
Ang Lee 2005 Brokeback Mountain
64%
Milos Forman 1975 One Flew over the Cuckoo's Nest
64%
Victor Fleming 1939 Gone with the Wind
63%
Ang Lee 2012 Life of Pi
61%
Milos Forman 1984 Amadeus
59%
Michael Curtiz 1943 Casablanca
58%
Robert Redford 1980 Ordinary People
53%
Mike Nichols 1967 The Graduate
49%
No matching quizzes found
Score Distribution
Percent of People with Each Score
Percentile by Number Answered
Your Score History
You have not taken this quiz